[Event "4NCL Division 1 & 2"]
[Site "Milton Keynes, ENG"]
[Date "2021.11.27"]
[Round "1.74"]
[White "Willow, Jonah B"]
[Black "Baker, Chris W"]
[Result "1-0"]
[WhiteElo "2350"]
[BlackElo "2227"]
[PlyCount "79"]
[EventDate "2021.11.27"]
[WhiteTeam "Wood Green Youth"]
[BlackTeam "The ADs"]

1. e4 e5 2. Nf3 Nc6 3. Nc3 Bb4 4. Nd5 Be7 5. d4 exd4 6. Nxd4 Nxd4 7. Qxd4 Nf6
8. Nxe7 Qxe7 9. Bd3 d5 10. Bg5 dxe4 11. Bxf6 gxf6 12. Qxe4 f5 13. Qxe7+ Kxe7
14. Kd2 Be6 15. Rhe1 Kf6 16. Re3 Rad8 17. Kc3 Rhg8 18. g3 c5 19. Rae1 Rd4 20.
b3 h6 21. f4 Rgd8 22. Re5 b6 23. Rb1 a5 24. a3 R8d6 25. b4 axb4+ 26. axb4 c4
27. Be2 Re4 28. Rxe4 fxe4 29. Rd1 Rc6 30. g4 b5 31. f5 Bc8 32. Rd5 h5 33. Rxb5
hxg4 34. Bxg4 Kg5 35. h3 Kf4 36. Ra5 e3 37. Ra1 e2 38. Re1 Bxf5 39. Bxf5 Kxf5
40. Rxe2 1-0

[Event "4NCL Division 1 & 2"]
[Site "Milton Keynes, ENG"]
[Date "2021.11.27"]
[Round "1.75"]
[White "Snape, Ian L"]
[Black "Fitzsimons, David"]
[Result "1/2-1/2"]
[WhiteElo "2201"]
[BlackElo "2370"]
[PlyCount "73"]
[EventDate "2021.11.27"]
[WhiteTeam "The ADs"]
[BlackTeam "Wood Green Youth"]

1. c4 c6 2. d4 d5 3. Nf3 Nf6 4. Nc3 dxc4 5. e3 b5 6. a4 b4 7. Na2 e6 8. Bxc4
Nbd7 9. O-O Bb7 10. Qe2 c5 11. Bd2 a5 12. Rfd1 Qb6 13. Nc1 Rc8 14. Nb3 cxd4 15.
Bb5 Bd5 16. Nbxd4 Bd6 17. e4 Nxe4 18. Be3 Qb7 19. Ba6 Qa8 20. Bxc8 Qxc8 21.
Rac1 Qd8 22. Qb5 O-O 23. Nc6 Qf6 24. Rxd5 exd5 25. Qxd5 Re8 26. Nxa5 Qxb2 27.
Nc4 Qa2 28. Qc6 Ndf6 29. Nxd6 Nxd6 30. Qxd6 b3 31. Bd4 b2 32. Bxb2 Qxb2 33. Qc6
h6 34. Qc2 Qa3 35. h3 Re4 36. Rd1 Qxa4 37. Rd8+ 1/2-1/2

[Event "4NCL Division 1 & 2"]
[Site "Milton Keynes, ENG"]
[Date "2021.11.27"]
[Round "1.76"]
[White "Toma, Katarzyna"]
[Black "Duggan, John E"]
[Result "1-0"]
[WhiteElo "2418"]
[BlackElo "2174"]
[PlyCount "75"]
[EventDate "2021.11.27"]
[WhiteTeam "Wood Green Youth"]
[BlackTeam "The ADs"]

1. e4 d5 2. exd5 Qxd5 3. Nc3 Qd6 4. d4 Nf6 5. Nb5 Qb6 6. c4 c6 7. Nc3 Bg4 8.
Be2 Bxe2 9. Ngxe2 e6 10. O-O Be7 11. b3 O-O 12. h3 Nbd7 13. Be3 Qa5 14. Qc2
Rfd8 15. Rfd1 Nf8 16. a3 Ng6 17. b4 Qc7 18. Qb3 a6 19. Rac1 Rac8 20. a4 Qd6 21.
Rb1 h6 22. a5 e5 23. d5 cxd5 24. cxd5 Nh4 25. Bc5 Qc7 26. Bb6 Qd7 27. Bxd8 Bxd8
28. Ng3 Ng6 29. Na4 Nf4 30. Nc5 Qb5 31. Nf5 Ne8 32. d6 Rc6 33. d7 Nc7 34. Nd6
Qe2 35. Qxf7+ Kh7 36. Qf5+ Kg8 37. g3 Nfd5 38. Rxd5 1-0

[Event "4NCL Division 1 & 2"]
[Site "Milton Keynes, ENG"]
[Date "2021.11.27"]
[Round "1.77"]
[White "Agrawal, Shivam"]
[Black "O'Donnell, Conor"]
[Result "0-1"]
[WhiteElo "1990"]
[BlackElo "2309"]
[PlyCount "122"]
[EventDate "2021.11.27"]
[WhiteTeam "The ADs"]
[BlackTeam "Wood Green Youth"]

1. d4 d5 2. c4 e6 3. Nc3 c6 4. Nf3 dxc4 5. a4 Bb4 6. Ne5 b5 7. g3 Bb7 8. Bg2
Qc8 9. O-O Ne7 10. Bd2 Bxc3 11. bxc3 Nd7 12. Qb1 Nxe5 13. dxe5 a6 14. f4 O-O
15. g4 Rd8 16. Ra2 c5 17. Bxb7 Qxb7 18. Rf3 Ng6 19. Rh3 b4 20. f5 b3 21. fxg6
bxa2 22. Qxb7 a1=Q+ 23. Kg2 hxg6 24. Rf3 Rf8 25. Be3 Qd1 26. Kf2 Rab8 27. Qe7
Qd8 28. Bxc5 Qxe7 29. Bxe7 Rfc8 30. Bb4 Rxb4 31. cxb4 c3 32. Rxc3 Rxc3 33. b5
axb5 34. axb5 Rb3 35. b6 Rxb6 36. Kf3 g5 37. Kg3 Rb5 38. h4 Rb3+ 39. e3 Rxe3+
40. Kf2 Rxe5 41. hxg5 Rxg5 42. Kf3 e5 43. Ke4 Rxg4+ 44. Kxe5 g5 45. Kf5 Rg1 46.
Kf6 g4 47. Kg5 g3 48. Kg4 f5+ 49. Kf3 Kf7 50. Kf4 Kf6 51. Kf3 Ke5 52. Ke3 Rf1
53. Kd3 g2 54. Kc4 g1=Q 55. Kb5 Rb1+ 56. Kc6 Rb6+ 57. Kd7 Qg7+ 58. Kc8 Rh6 59.
Kd8 Rh7 60. Ke8 Qd7+ 61. Kf8 Qc8# 0-1

[Event "4NCL Division 1 & 2"]
[Site "Milton Keynes, ENG"]
[Date "2021.11.27"]
[Round "1.78"]
[White "Dias, Savin"]
[Black "Hylands, Liam M"]
[Result "0-1"]
[WhiteElo "2141"]
[BlackElo "1968"]
[PlyCount "88"]
[EventDate "2021.11.27"]
[WhiteTeam "Wood Green Youth"]
[BlackTeam "The ADs"]

1. e4 c5 2. Nf3 e6 3. b3 Nf6 4. e5 Nd5 5. c4 Nb4 6. a3 N4c6 7. Bb2 Be7 8. Nc3
O-O 9. Qc2 d5 10. exd6 Qxd6 11. Ne4 Qf4 12. Ng3 e5 13. h3 Nd4 14. Nxd4 exd4 15.
Bd3 f5 16. Ne2 Qd6 17. O-O-O Nc6 18. f4 a5 19. g4 a4 20. bxa4 Na5 21. gxf5 Bf6
22. Kb1 Bd7 23. Be4 Nc6 24. Rdf1 Ne7 25. Ng3 Rxa4 26. Rhg1 Qb6 27. Qd3 Bh4 28.
f6 Bxf6 29. Bxh7+ Kh8 30. Nh5 Be6 31. Nxf6 Rxf6 32. Qg3 Nf5 33. Bxf5 Bxf5+ 34.
Ka2 g6 35. d3 Qd6 36. Re1 Ra8 37. h4 b5 38. cxb5 Qd5+ 39. Ka1 Qb3 40. Rd1 Rxa3+
41. Bxa3 Qxa3+ 42. Kb1 Qb3+ 43. Kc1 Qc3+ 44. Kb1 Rb6 0-1

[Event "4NCL Division 1 & 2"]
[Site "Milton Keynes, ENG"]
[Date "2021.11.27"]
[Round "1.81"]
[White "Gallana, Marco"]
[Black "Price, Gwilym"]
[Result "1-0"]
[WhiteElo "2278"]
[BlackElo "2125"]
[PlyCount "67"]
[EventDate "2021.11.27"]
[WhiteTeam "Celtic Tigers 1"]
[BlackTeam "Guildford Castles"]

1. d4 Nf6 2. c4 g6 3. Nc3 Bg7 4. e4 d6 5. Be2 O-O 6. Nf3 e5 7. O-O Nc6 8. d5
Ne7 9. Kh1 Ne8 10. Ng1 f5 11. f4 Nf6 12. fxe5 dxe5 13. Nf3 Nxe4 14. Nxe4 fxe4
15. Ng5 e3 16. Bxe3 Nf5 17. Bd2 h6 18. Ne4 Nd4 19. Bd3 Rxf1+ 20. Qxf1 Bf5 21.
Re1 Qd7 22. b3 Rf8 23. Qg1 a5 24. Qe3 Kh8 25. Bxa5 Ra8 26. Qd2 c6 27. Nc5 Qe7
28. Bxf5 gxf5 29. Qxd4 Rxa5 30. d6 Qf6 31. Qf2 Qxd6 32. Nxb7 Qb4 33. Nxa5 Qxa5
34. Rf1 1-0

[Event "4NCL Division 1 & 2"]
[Site "Milton Keynes, ENG"]
[Date "2021.11.27"]
[Round "1.82"]
[White "Golding, James"]
[Black "Zulfic, Fedja"]
[Result "1-0"]
[WhiteElo "2067"]
[BlackElo "2232"]
[PlyCount "71"]
[EventDate "2021.11.27"]
[WhiteTeam "Guildford Castles"]
[BlackTeam "Celtic Tigers 1"]

1. d4 Nf6 2. c4 c5 3. d5 b5 4. cxb5 a6 5. bxa6 g6 6. Nc3 Bg7 7. e4 O-O 8. e5
Ne8 9. Nf3 Nxa6 10. Be2 d6 11. Bf4 Qb6 12. Qd2 Rb8 13. b3 Bg4 14. exd6 Nxd6 15.
Rc1 Nb4 16. Na4 Qa7 17. a3 Na6 18. Qa5 Ra8 19. O-O Rfb8 20. Qxa6 Qxa6 21. Bxa6
Rxa6 22. Nd2 Rc8 23. Rfe1 Bf6 24. h3 Bf5 25. g4 Rxa4 26. bxa4 Bd3 27. Bxd6 exd6
28. Ne4 Bd4 29. Nxd6 Rd8 30. Nb5 Rxd5 31. Nxd4 cxd4 32. Re8+ Kg7 33. Rcc8 Ra5
34. Rcd8 Rxa4 35. g5 f5 36. Re7# 1-0

[Event "4NCL Division 1 & 2"]
[Site "Milton Keynes, ENG"]
[Date "2021.11.27"]
[Round "1.83"]
[White "Kouis, Marios"]
[Black "Punnett, Alan K"]
[Result "0-1"]
[WhiteElo "2185"]
[BlackElo "2022"]
[PlyCount "92"]
[EventDate "2021.11.27"]
[WhiteTeam "Celtic Tigers 1"]
[BlackTeam "Guildford Castles"]

1. d4 Nf6 2. c4 e6 3. Nc3 Bb4 4. f3 O-O 5. a3 Bxc3+ 6. bxc3 c5 7. e3 Nc6 8. Bd3
b6 9. Ne2 Ba6 10. Ng3 Na5 11. Qe2 Qc7 12. d5 exd5 13. cxd5 Bxd3 14. Qxd3 c4 15.
Qf5 Nb3 16. Rb1 Qc5 17. e4 Nxc1 18. Rxc1 Qe3+ 19. Ne2 Rfe8 20. Qf4 Qc5 21. Rd1
Qxa3 22. O-O Qc5+ 23. Kh1 Nh5 24. Qg5 g6 25. Nd4 Qe7 26. Qh6 Qh4 27. Kg1 Qf4
28. Qxf4 Nxf4 29. g3 Nd3 30. Nb5 Rec8 31. Ra1 a5 32. Nd6 Rc5 33. Rfb1 Rb8 34.
Ra4 Kf8 35. Nxc4 b5 36. Nxa5 bxa4 37. Rxb8+ Kg7 38. Ra8 Rxc3 39. Nb7 a3 40. Nd6
Nb4 41. g4 a2 42. g5 Rc1+ 43. Kg2 a1=Q 44. Ne8+ Kf8 45. Rb8 Rg1+ 46. Kh3 Qf1+
0-1

[Event "4NCL Division 1 & 2"]
[Site "Milton Keynes, ENG"]
[Date "2021.11.27"]
[Round "1.84"]
[White "Galer, Sebastian E"]
[Black "Quinn, John M"]
[Result "1/2-1/2"]
[WhiteElo "2118"]
[BlackElo "2193"]
[PlyCount "71"]
[EventDate "2021.11.27"]
[WhiteTeam "Guildford Castles"]
[BlackTeam "Celtic Tigers 1"]

1. e4 c5 2. Nf3 e6 3. d4 cxd4 4. Nxd4 Nc6 5. Nb3 Nf6 6. Bd3 d5 7. exd5 Nxd5 8.
O-O Ndb4 9. Be4 Qxd1 10. Rxd1 f5 11. Bxc6+ Nxc6 12. f4 Be7 13. c3 Kf7 14. Be3
Rd8 15. N1d2 b6 16. Nf3 Bb7 17. Kf2 h6 18. h4 Bf6 19. h5 Rxd1 20. Rxd1 Rd8 21.
Rxd8 Bxd8 22. Nbd2 Bc7 23. Nc4 Ba6 24. Nce5+ Nxe5 25. Nxe5+ Bxe5 26. fxe5 Bb5
27. Kg3 Ke7 28. Kh4 Be2 29. a4 Kd7 30. a5 Kc6 31. axb6 axb6 32. b4 Kb5 33. Bd4
Bf1 34. g4 fxg4 35. Kxg4 Be2+ 36. Kh4 1/2-1/2

[Event "4NCL Division 1 & 2"]
[Site "Milton Keynes, ENG"]
[Date "2021.11.27"]
[Round "1.85"]
[White "Stevenson, James"]
[Black "Shepley, Julien M"]
[Result "1-0"]
[WhiteElo "2114"]
[BlackElo "1971"]
[PlyCount "103"]
[EventDate "2021.11.27"]
[WhiteTeam "Celtic Tigers 1"]
[BlackTeam "Guildford Castles"]

1. d4 Nf6 2. c4 e5 3. dxe5 Ne4 4. Nd2 Bb4 5. Ngf3 Nc6 6. a3 Nxd2 7. Bxd2 Bxd2+
8. Qxd2 Qe7 9. Qc3 O-O 10. g3 Re8 11. Bg2 d6 12. e6 Bxe6 13. O-O Rad8 14. Rfd1
Bc8 15. Rd2 a5 16. Rad1 b6 17. h3 Bd7 18. Ne1 Qe5 19. Qf3 Ne7 20. Nd3 Qf5 21.
Qxf5 Nxf5 22. Nf4 Ba4 23. Rc1 Ne7 24. Rc3 Kf8 25. e3 Bd7 26. b4 axb4 27. axb4
Nc8 28. Kh2 c6 29. Ra3 Re7 30. Ra8 Be8 31. Rda2 Rc7 32. Rb8 Ke7 33. h4 Bd7 34.
Raa8 Ke8 35. Nh5 Kf8 36. Nf4 Ke7 37. b5 g6 38. bxc6 Bxc6 39. Nd5+ Bxd5 40. Bxd5
f5 41. Kg2 Kd7 42. Kf3 Rf8 43. Ke2 h6 44. Rxb6 Nxb6 45. Rxf8 Nxd5 46. cxd5 Ke7
47. Rh8 Rc2+ 48. Kf3 Rd2 49. Rxh6 Kf7 50. h5 Rxd5 51. Rxg6 Rd2 52. Rg5 1-0

[Event "4NCL Division 1 & 2"]
[Site "Milton Keynes, ENG"]
[Date "2021.11.27"]
[Round "1.86"]
[White "Stimpson, Philip M"]
[Black "Skulte, Christopher"]
[Result "1/2-1/2"]
[WhiteElo "1958"]
[BlackElo "2136"]
[PlyCount "26"]
[EventDate "2021.11.27"]
[WhiteTeam "Guildford Castles"]
[BlackTeam "Celtic Tigers 1"]

1. d4 d5 2. Nc3 Nf6 3. Bf4 c5 4. e4 e6 5. e5 Nfd7 6. Nb5 cxd4 7. Nxd4 Nc6 8.
Ngf3 Qb6 9. c3 Qxb2 10. Nb5 Bc5 11. Be2 O-O 12. Rb1 Qxa2 13. Ra1 Qb2 1/2-1/2

[Event "4NCL Division 1 & 2"]
[Site "Milton Keynes, ENG"]
[Date "2021.11.27"]
[Round "1.87"]
[White "Franco, Gaston"]
[Black "Golding, William"]
[Result "1-0"]
[WhiteElo "2043"]
[BlackElo "1900"]
[PlyCount "83"]
[EventDate "2021.11.27"]
[WhiteTeam "Celtic Tigers 1"]
[BlackTeam "Guildford Castles"]

1. e4 d5 2. exd5 Qxd5 3. Nc3 Qa5 4. d4 c6 5. Bc4 Nf6 6. Bb3 Bg4 7. Nge2 e6 8.
h3 Bh5 9. O-O Bd6 10. Re1 Nbd7 11. d5 cxd5 12. Bxd5 Nxd5 13. Nxd5 O-O-O 14.
Ndf4 Nf6 15. Bd2 Qc7 16. Qc1 Bg6 17. c4 Ne4 18. Be3 Bb4 19. Nxg6 hxg6 20. Nd4
Bxe1 21. Nb5 Qa5 22. Nxa7+ Kd7 23. Qxe1 Qxe1+ 24. Rxe1 Nf6 25. Bb6 Ra8 26. Rd1+
Ke8 27. Nb5 Kf8 28. a4 Kg8 29. a5 Kh7 30. Nd6 Rhd8 31. Bxd8 Rxd8 32. Rd2 Ne8
33. Ne4 Rxd2 34. Nxd2 Nc7 35. b4 Na6 36. b5 Nc5 37. Nb3 Na4 38. c5 Nc3 39. a6
bxa6 40. b6 Ne2+ 41. Kf1 Nd4 42. Nxd4 1-0

[Event "4NCL Division 1 & 2"]
[Site "Milton Keynes, ENG"]
[Date "2021.11.27"]
[Round "1.88"]
[White "Mellor, Jessica"]
[Black "Burton, Abigail"]
[Result "1-0"]
[WhiteElo "1892"]
[BlackElo "1700"]
[PlyCount "57"]
[EventDate "2021.11.27"]
[WhiteTeam "Guildford Castles"]
[BlackTeam "Celtic Tigers 1"]

1. e4 d6 2. d4 Nf6 3. Nc3 g6 4. f4 Bg7 5. Nf3 b6 6. Bd3 Bb7 7. O-O Nbd7 8. e5
dxe5 9. fxe5 Nd5 10. Nxd5 Bxd5 11. c4 Bb7 12. Qc2 e6 13. Bg5 Qc8 14. Rae1 c5
15. d5 Nf8 16. d6 Nd7 17. Qf2 f6 18. exf6 Nxf6 19. Ne5 O-O 20. Qh4 Nh5 21. Nxg6
Bd4+ 22. Kh1 Rxf1+ 23. Rxf1 hxg6 24. Bxg6 Qc6 25. Qh3 Qxg2+ 26. Qxg2 Bxg2+ 27.
Kxg2 Ng7 28. d7 Bxb2 29. d8=Q+ 1-0

[Event "4NCL Division 1 & 2"]
[Site "Milton Keynes, ENG"]
[Date "2021.11.27"]
[Round "1.91"]
[White "Bremner, Adam"]
[Black "Jackson, James P"]
[Result "0-1"]
[WhiteElo "2204"]
[BlackElo "2404"]
[PlyCount "100"]
[EventDate "2021.11.27"]
[WhiteTeam "The Sharks 2"]
[BlackTeam "Barbican 4NCL"]

1. e4 e5 2. Nf3 Nc6 3. Nc3 Nf6 4. d4 exd4 5. Nxd4 Bb4 6. Nxc6 bxc6 7. Bd3 O-O
8. O-O d5 9. exd5 cxd5 10. Bg5 c6 11. Qf3 h6 12. Bxf6 Qxf6 13. Qxf6 gxf6 14.
Ne2 Rb8 15. Nd4 Rb6 16. Nf5 Bxf5 17. Bxf5 Re8 18. Rad1 Re5 19. Bd3 Ba5 20. b3
Bc3 21. g3 a5 22. a4 Kf8 23. f4 Re8 24. Kg2 Ke7 25. Rf2 Kd6 26. Re2 Rbb8 27.
Kf3 Kc5 28. Bf5 Rxe2 29. Kxe2 Rd8 30. Rd3 d4 31. Rd1 Re8+ 32. Kf2 Re3 33. Rd3
Re7 34. Rd1 Kb4 35. Bd3 Re3 36. Kg2 Ka3 37. Bf5 Re2+ 38. Kf3 Rxh2 39. Rf1 c5
40. Rb1 h5 41. Be4 h4 42. gxh4 Rxh4 43. Kg3 Rh8 44. Bd3 Re8 45. Kg4 Re3 46. Bc4
Be1 47. Kf5 Ka2 48. Rxe1 Rxe1 49. Kxf6 Kb2 50. Bd3 Rc1 0-1

[Event "4NCL Division 1 & 2"]
[Site "Milton Keynes, ENG"]
[Date "2021.11.27"]
[Round "1.92"]
[White "Griffiths, Ryan Rhys"]
[Black "Modi, Shyam Jagdish"]
[Result "1-0"]
[WhiteElo "2347"]
[BlackElo "2247"]
[PlyCount "109"]
[EventDate "2021.11.27"]
[WhiteTeam "Barbican 4NCL"]
[BlackTeam "The Sharks 2"]

1. c4 g6 2. Nc3 Bg7 3. g3 c5 4. Bg2 Nc6 5. Nf3 e5 6. O-O Nge7 7. a3 O-O 8. Ne1
d6 9. Rb1 Be6 10. Nd5 Rb8 11. b4 cxb4 12. axb4 b5 13. d3 bxc4 14. dxc4 Bxd5 15.
cxd5 Nxb4 16. Qd2 Na6 17. Rxb8 Qxb8 18. Ba3 Rc8 19. Nd3 Qb6 20. Qa2 Rc3 21. Bc1
Nf5 22. Bd2 Rb3 23. Rc1 Nc5 24. Nxc5 dxc5 25. Rxc5 Rb1+ 26. Rc1 Rxc1+ 27. Bxc1
Bf8 28. e3 Bd6 29. Bd2 h5 30. Bc3 Kf8 31. Qa1 Qc7 32. Ba5 Qb8 33. Qa4 Kg8 34.
Be4 Kg7 35. Qd7 Ne7 36. h4 Ng8 37. Qc6 Nf6 38. Bg2 Ng4 39. Bf3 Nf6 40. Kg2 Kg8
41. Be2 Kg7 42. Bf3 Kg8 43. e4 Kg7 44. Bd2 Kh7 45. Be3 Qb4 46. Bd2 Qa3 47. Qc3
Qa4 48. Qa5 Qd7 49. Be3 Bb8 50. Be2 Kg7 51. f3 Qb7 52. Qb5 Qc7 53. Qc6 Qa5 54.
Bh6+ Kxh6 55. Qxf6 1-0

[Event "4NCL Division 1 & 2"]
[Site "Milton Keynes, ENG"]
[Date "2021.11.27"]
[Round "1.93"]
[White "Purton, Ben J"]
[Black "Taylor, Martin R"]
[Result "0-1"]
[WhiteElo "2208"]
[BlackElo "2327"]
[PlyCount "81"]
[EventDate "2021.11.27"]
[WhiteTeam "The Sharks 2"]
[BlackTeam "Barbican 4NCL"]

1. d4 d5 2. Nf3 Nf6 3. e3 e6 4. Nbd2 b6 5. Ne5 Bb7 6. Bd3 Nbd7 7. f4 g6 8. O-O
Bg7 9. Qe2 O-O 10. Ba6 Qc8 11. Bxb7 Qxb7 12. g4 c5 13. c3 Ne8 14. Qb5 Nxe5 15.
fxe5 f6 16. dxc5 fxe5 17. Rxf8+ Bxf8 18. cxb6 e4 19. Qe2 axb6 20. Nb3 Nd6 21.
Nd4 Qd7 22. h3 e5 23. Nc2 Nf7 24. Bd2 Ng5 25. Kg2 Bd6 26. Be1 Rf8 27. Bg3 Rf3
28. Rf1 h5 29. Bh4 Rxf1 30. Qxf1 Nf3 31. Bg3 hxg4 32. hxg4 Qxg4 33. Ne1 Nh4+
34. Kh2 Nf5 35. Bf2 Bc5 36. Qb5 Qh5+ 37. Kg1 Nxe3 38. Qe8+ Kg7 39. b4 Qg4+ 40.
Kh2 Qf4+ 41. Kg1 0-1

[Event "4NCL Division 1 & 2"]
[Site "Milton Keynes, ENG"]
[Date "2021.11.27"]
[Round "1.94"]
[White "Franklin, Samuel G A"]
[Black "Head, Louise"]
[Result "1-0"]
[WhiteElo "2330"]
[BlackElo "2159"]
[PlyCount "73"]
[EventDate "2021.11.27"]
[WhiteTeam "Barbican 4NCL"]
[BlackTeam "The Sharks 2"]

1. e4 c6 2. c4 d5 3. exd5 cxd5 4. cxd5 Nf6 5. Nc3 Nxd5 6. Bc4 Nb6 7. Bb3 Nc6 8.
Nf3 Bf5 9. d4 e6 10. O-O Be7 11. a4 Nb4 12. a5 N6d5 13. Ba4+ Kf8 14. Ne5 h5 15.
Qf3 f6 16. Nd7+ Kf7 17. Nxd5 Nxd5 18. Bd2 g5 19. Rfc1 g4 20. Qb3 b6 21. Bc6 Rc8
22. Qa4 h4 23. axb6 Nxb6 24. Nxb6 axb6 25. Bd7 Rc7 26. Rxc7 Qxc7 27. d5 g3 28.
Bxe6+ Bxe6 29. dxe6+ Kf8 30. Qe4 gxf2+ 31. Kxf2 Qc5+ 32. Be3 Qe5 33. Ra8+ Kg7
34. Qg4+ Kh7 35. Qxh4+ Kg6 36. Rxh8 Qxb2+ 37. Kf3 1-0

[Event "4NCL Division 1 & 2"]
[Site "Milton Keynes, ENG"]
[Date "2021.11.27"]
[Round "1.95"]
[White "Birtwistle, Nigel"]
[Black "Cox, John J"]
[Result "0-1"]
[WhiteElo "2177"]
[BlackElo "2315"]
[PlyCount "56"]
[EventDate "2021.11.27"]
[WhiteTeam "The Sharks 2"]
[BlackTeam "Barbican 4NCL"]

1. Nf3 f5 2. d3 Nc6 3. g3 Nf6 4. Bg2 e5 5. O-O d6 6. c4 Be7 7. Nc3 O-O 8. Rb1
Qe8 9. b4 Qh5 10. b5 Nd8 11. Nd5 Nxd5 12. cxd5 Nf7 13. Qc2 Bd8 14. Nd2 Nh6 15.
h3 Rf6 16. f4 exf4 17. Rxf4 Qxe2 18. Bb2 Qe3+ 19. Kh2 Ng4+ 20. Rxg4 fxg4 21.
Bxf6 Bxf6 22. h4 Bf5 23. Ne4 Bxe4 24. Bxe4 Be5 25. Rg1 Rf8 26. Qxc7 Qf2+ 27.
Rg2 Bxg3+ 28. Kh1 Qf1+ 0-1

[Event "4NCL Division 1 & 2"]
[Site "Milton Keynes, ENG"]
[Date "2021.11.27"]
[Round "1.96"]
[White "French, Max"]
[Black "Milson, Samuel A"]
[Result "1/2-1/2"]
[WhiteElo "2274"]
[BlackElo "2146"]
[PlyCount "66"]
[EventDate "2021.11.27"]
[WhiteTeam "Barbican 4NCL"]
[BlackTeam "The Sharks 2"]

1. d4 d5 2. c4 c6 3. Nc3 Nf6 4. cxd5 cxd5 5. Bf4 Nc6 6. e3 e6 7. Bd3 Bd6 8.
Bxd6 Qxd6 9. f4 a6 10. Nf3 h6 11. O-O Ng4 12. Ne5 Nxe3 13. Qh5 O-O 14. Rf3 Nf5
15. g4 Nfxd4 16. Rg3 Nxe5 17. fxe5 Qb6 18. Kh1 Qc7 19. g5 Qxe5 20. Bh7+ Kh8 21.
gxh6 g5 22. Rxg5 Qf6 23. Bd3 Qf3+ 24. Qxf3 Nxf3 25. Rg7 f5 26. Be2 Ne5 27. Bh5
Rf6 28. Re1 Rxh6 29. Rc7 Rxh5 30. Rxe5 Rg5 31. Nxd5 exd5 32. Re8+ Rg8 33. Ree7
Rg6 1/2-1/2

[Event "4NCL Division 1 & 2"]
[Site "Milton Keynes, ENG"]
[Date "2021.11.27"]
[Round "1.97"]
[White "Varnam, Liam D"]
[Black "Sowray, Peter J"]
[Result "0-1"]
[WhiteElo "2217"]
[BlackElo "2222"]
[PlyCount "116"]
[EventDate "2021.11.27"]
[WhiteTeam "The Sharks 2"]
[BlackTeam "Barbican 4NCL"]

1. c4 e6 2. g3 d5 3. Bg2 dxc4 4. Qa4+ c6 5. Qxc4 Nf6 6. Nf3 b5 7. Qc2 Bb7 8. d4
Nbd7 9. Ne5 Nxe5 10. dxe5 Nd7 11. O-O Qb6 12. a4 a6 13. axb5 axb5 14. Rxa8+
Bxa8 15. Be3 Qa6 16. Qe4 Nb6 17. Rd1 Be7 18. Qg4 g5 19. Qh5 h6 20. Nc3 Nd5 21.
Ne4 Qa4 22. Rc1 Nxe3 23. fxe3 Qb3 24. Rf1 Qxe3+ 25. Kh1 Rf8 26. Qxh6 c5 27.
Nf6+ Bxf6 28. Bxa8 Bxe5 29. Bc6+ Ke7 30. Qh5 b4 31. Rf3 Qc1+ 32. Kg2 Bd4 33.
Rf1 Qe3 34. b3 f5 35. Qf3 Qxf3+ 36. Kxf3 Rh8 37. Kg2 Rb8 38. Rd1 Kd6 39. Ba4
Ke5 40. Kf3 g4+ 41. Kg2 Rb6 42. Kf1 Ke4 43. Rc1 e5 44. Bd7 Ke3 45. Kg2 Kd2 46.
Rb1 Rf6 47. Bb5 f4 48. Rf1 Ke3 49. Rd1 f3+ 50. exf3 gxf3+ 51. Kf1 Rh6 52. Rd3+
Ke4 53. Rd2 Bc3 54. Rc2 Ke3 55. Kg1 e4 56. Bc4 Kd4 57. Rc1 e3 58. Rd1+ Bd2 0-1

[Event "4NCL Division 1 & 2"]
[Site "Milton Keynes, ENG"]
[Date "2021.11.27"]
[Round "1.98"]
[White "Bridgeman, Niamh"]
[Black "Kafka, Graeme"]
[Result "1/2-1/2"]
[WhiteElo "1955"]
[BlackElo "2037"]
[PlyCount "64"]
[EventDate "2021.11.27"]
[WhiteTeam "Barbican 4NCL"]
[BlackTeam "The Sharks 2"]

1. d4 d5 2. Nf3 Nf6 3. e3 c6 4. Bd3 Bg4 5. Nbd2 Nbd7 6. O-O e6 7. b3 Be7 8. Bb2
O-O 9. c4 Bh5 10. Qc2 Bg6 11. Bxg6 hxg6 12. Rac1 Rc8 13. Rfd1 Bb4 14. a3 Ba5
15. b4 Bc7 16. a4 Qe7 17. Qb3 e5 18. dxe5 Nxe5 19. Nxe5 Bxe5 20. Bxe5 Qxe5 21.
Nf3 Qf5 22. cxd5 cxd5 23. Nd4 Qd7 24. h3 Rxc1 25. Rxc1 Rc8 26. Rd1 a6 27. Ne2
b5 28. a5 Rc4 29. Nf4 Qd6 30. Nd3 Ne4 31. Re1 Qf6 32. f3 Qc3 1/2-1/2

[Event "4NCL Division 1 & 2"]
[Site "Milton Keynes, ENG"]
[Date "2021.11.27"]
[Round "1.101"]
[White "Gormally, Daniel W"]
[Black "Weller, Jean-Luc"]
[Result "1-0"]
[WhiteElo "2478"]
[BlackElo "2235"]
[PlyCount "55"]
[EventDate "2021.11.27"]
[WhiteTeam "Blackthorne Russia"]
[BlackTeam "Chessable White Rose 2"]

1. d4 e6 2. c4 f5 3. Nc3 Nf6 4. Nf3 d5 5. Bf4 c6 6. e3 Bd6 7. Bd3 O-O 8. O-O
Ne4 9. Bxe4 dxe4 10. Ne5 b6 11. f3 exf3 12. Rxf3 Qc7 13. Rh3 Nd7 14. Qh5 Nxe5
15. dxe5 Bxe5 16. Qxh7+ Kf7 17. Rg3 Rg8 18. Qg6+ Kf8 19. Rd1 Bxf4 20. exf4 Bd7
21. Rgd3 Rd8 22. Rd6 Rh8 23. R1d3 Rh6 24. Qg5 Rf6 25. Nb1 Rf7 26. Nd2 Re8 27.
Nf3 Bc8 28. Ne5 1-0

[Event "4NCL Division 1 & 2"]
[Site "Milton Keynes, ENG"]
[Date "2021.11.27"]
[Round "1.102"]
[White "Arnott, Jonathan W"]
[Black "Bates, Richard A"]
[Result "0-1"]
[WhiteElo "2125"]
[BlackElo "2475"]
[PlyCount "108"]
[EventDate "2021.11.27"]
[WhiteTeam "Chessable White Rose 2"]
[BlackTeam "Blackthorne Russia"]

1. e4 c5 2. Be2 Nc6 3. d3 g6 4. f4 Bg7 5. Nf3 d6 6. O-O Nf6 7. Qe1 c4 8. Kh1
cxd3 9. cxd3 Bg4 10. Be3 O-O 11. Nc3 d5 12. e5 Bxf3 13. exf6 exf6 14. Bxf3 d4
15. Bxc6 bxc6 16. f5 dxe3 17. Qxe3 Qb6 18. Qd2 Rad8 19. Rf3 Rfe8 20. Raf1 Re5
21. b3 Qb4 22. Qc2 Rc5 23. d4 Rxd4 24. a3 Qxa3 25. Qf2 Qb4 26. Qg3 Re5 27. h3
Qd6 28. Qf2 a5 29. Qg3 Rd2 30. Qh4 Qd4 31. Qg3 Qd7 32. Qh4 Rd4 33. Qg3 c5 34.
Qf2 c4 35. bxc4 Rxc4 36. Rd1 Qc7 37. Qd2 a4 38. Nd5 Qc6 39. Rd3 Rce4 40. Qa5
Re2 41. Rd4 Bf8 42. fxg6 hxg6 43. Qd8 Re1+ 44. Kh2 Rxd1 45. Rxd1 Kg7 46. Nf4
Re4 47. g3 Be7 48. Qd3 Qc4 49. Qf3 a3 50. Qg2 Rd4 51. Ra1 Bd6 52. Ra2 Rd1 53.
Rf2 a2 54. Rxa2 Bxf4 0-1

[Event "4NCL Division 1 & 2"]
[Site "Milton Keynes, ENG"]
[Date "2021.11.27"]
[Round "1.103"]
[White "Ledger, Andrew J"]
[Black "Walton, Alan J"]
[Result "1-0"]
[WhiteElo "2401"]
[BlackElo "2120"]
[PlyCount "139"]
[EventDate "2021.11.27"]
[WhiteTeam "Blackthorne Russia"]
[BlackTeam "Chessable White Rose 2"]

1. c4 f5 2. g3 Nf6 3. Bg2 d6 4. Nc3 e5 5. d3 Be7 6. f4 O-O 7. Nf3 Nc6 8. O-O
Qe8 9. e3 Bd8 10. b3 a6 11. Qd2 Qh5 12. Bb2 Re8 13. Nd5 Nd7 14. Rae1 Ncb8 15.
fxe5 dxe5 16. e4 c6 17. Ne3 fxe4 18. dxe4 Bb6 19. Kh1 Nf6 20. Nf5 Bxf5 21. exf5
Nbd7 22. Qg5 Qxg5 23. Nxg5 Ng4 24. Re2 h6 25. Ne6 Nc5 26. Bh3 Nxe6 27. fxe6 h5
28. Bxg4 hxg4 29. Rxe5 Rad8 30. c5 Rd2 31. Bc1 Bc7 32. Rg5 Rxa2 33. Rf7 Rxe6
34. Rfxg7+ Kf8 35. Rg8+ Kf7 36. R5g7+ Kf6 37. Bg5+ Ke5 38. Rxc7 Kd5 39. Rd8+
Kxc5 40. Rd1 Ree2 41. Rc1+ Kb6 42. Rh7 a5 43. Bf6 Ka6 44. Bd4 Rad2 45. Bg1 Rb2
46. Rg7 Re4 47. Rg8 Rxb3 48. Ra8+ Kb5 49. Rc5+ Kb4 50. Rcxa5 b5 51. Ra2 c5 52.
Rc8 c4 53. Rc2 Rb1 54. Kg2 Kb3 55. Rd2 c3 56. Rd5 Re2+ 57. Bf2 b4 58. Rd4 Rbb2
59. Rf4 Ka2 60. Kf1 Red2 61. Be1 Rxh2 62. Kg1 Rhc2 63. Rxg4 Rb1 64. Ra8+ Kb3
65. Rxb4+ Kxb4 66. Rb8+ Kc4 67. Rxb1 Rb2 68. Rc1 c2 69. Bd2 Kd3 70. Bf4 1-0